=LDR 00000nam 2200000 4500 =001 INLIS000000000055751 =005 20200714015946 =035 ##$$a 0010-0720000055 =007 ta =008 200714###########################0#eng## =020 ##$$a 962-593-157-0 =082 ##$$a 591.049 598 =084 ##$$a 591.049 598 All t =245 1#$$a Tropical Marine Life of Indonesia /$c Gerald R. Allen, Ph.D. =300 ##$$a 64 halaman : $b ilus. ; $c 19 Cm. =700 #$$a Editor : Julia Henderson =600 #4$$a Binatang Laut Indonesia =264 ##$$a Singapura :$b Periplus Edition,$c 1997 =336 ##$$a teks$2 rdacontent =337 ##$$a lain-lain$2 rdamedia =338 ##$$a lain-lain$2 rdacarrier =990 ##$$a 07420742